000 00910cam a2200229 a 4500
082 0 0 _a388.044
_bBEN
_cD
100 1 _aBennathan, Esra.
_919564
245 1 0 _aReforming and privatizing Poland's road freight industry /
_cEsra Bennathan, Jeffrey Gutman, and Louis Thompson.
260 _aWashington, DC (1818 H St., NW, Washington 20433) :
_bInfrastructure and Urban Development Dept., World Bank,
_c[1991]
300 _aix, 41 p. :
_bill. ;
_c28 cm.
500 _a"A product of the Transport Division, Infrastucture and Urban Development Department"--T.p. verso.
500 _a"August 1991."
500 _aCover title.
526 _a0
_b0
_c0
_d388_044000000000000_BEN
650 0 _aMCE
_9379
650 0 _aPrivatization
_zPoland.
_938433
650 0 _aTrucking
_zPoland.
_938434
700 1 _aGutman, Jeffrey.
_938435
700 1 _aThompson, Louis S.
_938436
710 2 _aWorld Bank.
_94999
942 _2ddc
_cBK
999 _c543082
_d543082